000 00431nam a22001817a 4500
003 NUST - PNEC
005 20170116180918.0
008 150904b xxu||||| |||| 00| 0 eng d
020 _a-
040 _cLIBRARY
082 _a620.3 CHU
100 _97539
_aChurch, Austin H.
245 _aMechanical vibrations
_cAustin H. Church
250 _a2nd ed.
260 _cc.1963
650 _97541
_aMechanical
_xME
942 _2ddc
_cBK
999 _c65509
_d65509